| 000 | 00485nam a2200169Ia 4500 | ||
|---|---|---|---|
| 008 | 151021s9999 xx 000 0 und d | ||
| 020 | _a205131999 | ||
| 050 | _aBF698.C22 1992 | ||
| 245 | _a_Perspective on Personality (2nd ed.) Charles S. Carver | ||
| 260 | _aBoston Allyn& bacon 1992 | ||
| 300 | _axxii,617p.;ill | ||
| 500 | _aInclude index | ||
| 500 | _aInclude index | ||
| 650 | _a_Personality | ||
| 700 | _a_Scheier f. Michael | ||
| 980 | _a^d20120815 02:28:38^okorir | ||
| 999 |
_c12435 _d12435 |
||